[Event "Titled Tuesday intern op 02nd Jul Late"]
[Site "Chess.com INT"]
[Date "2024.07.02"]
[Round "2"]
[White "Matthews, Shane"]
[Black "Womacka, Mathias"]
[Result "0-1"]
[WhiteElo "2205"]
[BlackElo "2359"]
[PlyCount "42"]
[EventDate "2024.07.02"]
[EventType "swiss (blitz)"]
[EventRounds "11"]
[EventCountry "USA"]
[SourceTitle "EXT 2025"]
[Source "ChessBase"]
[SourceDate "2024.10.14"]
[SourceVersion "1"]
[SourceVersionDate "2024.10.14"]
[SourceQuality "1"]

1. e4 c5 2. Nf3 d6 3. d4 cxd4 4. Nxd4 Nf6 5. Nc3 a6 6. Bg5 e6 7. Qf3 h6 8. Bh4 Be7 9. 0-0-0 Qc7 10. Bd3 Nbd7 11. Kb1 b5 12. Bxb5 axb5 13. Ndxb5 Qb6 14. e5 Bb7 15. Qg3 g5 16. exf6 gxh4 17. Nxd6+ Qxd6 18. Rxd6 hxg3 19. fxe7 Kxe7 20. Rd2 Bxg2 21. Rg1 gxh2 0-1

[Event "Titled Tuesday intern op 02nd Jul Late"]
[Site "Chess.com INT"]
[Date "2024.07.02"]
[Round "3"]
[White "Megalios, Konstantinos"]
[Black "Matthews, Shane"]
[Result "0-1"]
[WhiteElo "2379"]
[BlackElo "2205"]
[PlyCount "94"]
[EventDate "2024.07.02"]
[EventType "swiss (blitz)"]
[EventRounds "11"]
[EventCountry "USA"]
[SourceTitle "EXT 2025"]
[Source "ChessBase"]
[SourceDate "2024.10.14"]
[SourceVersion "1"]
[SourceVersionDate "2024.10.14"]
[SourceQuality "1"]

1. Nf3 g6 2. d4 Bg7 3. h4 h5 4. e3 d5 5. c4 c6 6. Nc3 Bg4 7. Qb3 Bxf3 8. gxf3 e6 9. Qxb7 Nd7 10. Qxc6 Rc8 11. Qa4 Ne7 12. c5 0-0 13. f4 Nf6 14. Bd3 Nf5 15. b4 Ne4 16. Bb2 Nxc3 17. Bxc3 Nxh4 18. Ke2 Nf5 19. Rac1 Qc7 20. b5 Rfe8 21. Qa5 Qb8 22. a3 Nh6 23. a4 Re7 24. Qa6 Nf5 25. a5 f6 26. Rhg1 Kf7 27. b6 axb6 28. axb6 e5 29. Be4 exf4 30. Bxf5 gxf5 31. Bd2 fxe3 32. fxe3 Qh2+ 33. Kd3 f4 34. Qb7 Rxb7 35. Rxg7+ Kxg7 36. exf4 Re7 37. f5 Qe2+ 38. Kc3 Re3+ 39. Bxe3 Qxe3+ 40. Kb2 Qxd4+ 41. Kb3 Rxc5 42. Rg1+ Kf7 43. b7 Rb5+ 44. Ka3 Qxg1 45. Ka2 Qf2+ 46. Ka3 Qb2+ 47. Ka4 Qb4# 0-1

[Event "Titled Tuesday intern op 02nd Jul Late"]
[Site "Chess.com INT"]
[Date "2024.07.02"]
[Round "4"]
[White "Safranek, William"]
[Black "Matthews, Shane"]
[Result "1-0"]
[WhiteElo "2119"]
[BlackElo "2205"]
[PlyCount "63"]
[EventDate "2024.07.02"]
[EventType "swiss (blitz)"]
[EventRounds "11"]
[EventCountry "USA"]
[SourceTitle "EXT 2025"]
[Source "ChessBase"]
[SourceDate "2024.10.14"]
[SourceVersion "1"]
[SourceVersionDate "2024.10.14"]
[SourceQuality "1"]

1. e4 e5 2. Nf3 Nc6 3. Bc4 Bc5 4. 0-0 Nf6 5. d4 exd4 6. e5 d5 7. exf6 dxc4 8. fxg7 Rg8 9. Re1+ Be6 10. Bg5 Qd5 11. Nc3 Qd7 12. Ne4 Be7 13. Nf6+ Bxf6 14. Bxf6 Qd5 15. Ne5 Nxe5 16. Rxe5 Qd6 17. Qh5 Kd7 18. Qxh7 Rae8 19. Rae1 c5 20. h4 b6 21. h5 d3 22. Qe4 d2 23. Rd1 Kc7 24. h6 Bd5 25. Qe3 Qxf6 26. Rxe8 Qg6 27. f3 Rxe8 28. Qxe8 Qxc2 29. Qe2 Qg6 30. Qxd2 Bxf3 31. Qf4+ Kc8 32. Qxf3 1-0

[Event "Titled Tuesday intern op 02nd Jul Late"]
[Site "Chess.com INT"]
[Date "2024.07.02"]
[Round "1"]
[White "Wadsworth, Matthew J"]
[Black "Matthews, Shane"]
[Result "1-0"]
[WhiteElo "2456"]
[BlackElo "2205"]
[PlyCount "27"]
[EventDate "2024.07.02"]
[EventType "swiss (blitz)"]
[EventRounds "11"]
[EventCountry "USA"]
[SourceTitle "EXT 2025"]
[Source "ChessBase"]
[SourceDate "2024.10.14"]
[SourceVersion "1"]
[SourceVersionDate "2024.10.14"]
[SourceQuality "1"]

1. e4 c5 2. Nf3 e6 3. g3 a6 4. Bg2 Qc7 5. 0-0 d6 6. d3 Nd7 7. Re1 Ngf6 8. a4 Be7 9. Nbd2 b6 10. Nc4 Bb7 11. Bf4 0-0 12. e5 dxe5 13. Nfxe5 Nxe5 14. Bxe5 1-0

[Event "Wch Seniors 50 29th"]
[Site "Bucharest"]
[Date "2019.11.21"]
[Round "9"]
[White "Rinas, Oleg G"]
[Black "Matthews, Shane"]
[Result "1/2-1/2"]
[WhiteElo "2420"]
[BlackElo "2196"]
[PlyCount "93"]
[EventDate "2019.11.12"]
[EventType "swiss"]
[EventRounds "11"]
[EventCountry "ROU"]
[SourceTitle "CBM 193 Extra"]
[Source "ChessBase"]
[SourceDate "2020.01.31"]
[SourceVersion "1"]
[SourceVersionDate "2020.01.31"]
[SourceQuality "1"]

1. e4 c5 2. Nc3 d6 3. Nf3 a6 4. d4 cxd4 5. Nxd4 Nf6 6. Be3 Ng4 7. Bc1 Nf6 8. f3 e5 9. Nb3 Be6 10. Be3 Be7 11. Qd2 Nbd7 12. 0-0-0 b5 13. g4 0-0 14. Nd5 Bxd5 15. exd5 Nb6 16. Na5 Nfxd5 17. Nc6 Qc7 18. Nxe7+ Qxe7 19. Bxb6 Nxb6 20. Qxd6 Qg5+ 21. Qd2 Qe7 22. Bd3 Qc5 23. Rhe1 f6 24. Qe3 Qc7 25. Qe4 g6 26. h4 Rad8 27. h5 Rd4 28. Qe3 g5 29. Bf5 Rfd8 30. Rxd4 Rxd4 31. Rd1 Rxd1+ 32. Kxd1 h6 33. Qd3 Kf7 34. Be4 Ke7 35. Bb7 a5 36. Ba6 b4 37. Qg6 Qc5 38. Ke2 Nd5 39. Qg7+ Ke6 40. Qg8+ Ke7 41. Qg7+ Ke6 42. Qg8+ Ke7 43. Qh7+ Kd6 44. Qd3 Qg1 45. Bb7 Qg2+ 46. Ke1 Qg1+ 47. Ke2 1/2-1/2

[Event "Wch Seniors 50 29th"]
[Site "Bucharest"]
[Date "2019.11.20"]
[Round "8"]
[White "Matthews, Shane"]
[Black "Suciu, Dinu Simi"]
[Result "1-0"]
[WhiteElo "2196"]
[BlackElo "2086"]
[PlyCount "87"]
[EventDate "2019.11.12"]
[EventType "swiss"]
[EventRounds "11"]
[EventCountry "ROU"]
[SourceTitle "CBM 193 Extra"]
[Source "ChessBase"]
[SourceDate "2020.01.31"]
[SourceVersion "1"]
[SourceVersionDate "2020.01.31"]
[SourceQuality "1"]

1. e4 e6 2. d4 d5 3. Nd2 dxe4 4. Nxe4 Bd7 5. Nf3 Bc6 6. Bd3 Nd7 7. c4 Ngf6 8. Nc3 Be7 9. 0-0 b6 10. Bf4 0-0 11. Re1 Bb7 12. Qe2 Bd6 13. Be5 Ng4 14. Bg3 Bxg3 15. hxg3 c5 16. Rad1 cxd4 17. Nxd4 Qg5 18. Nf3 Bxf3 19. gxf3 Ngf6 20. f4 Qc5 21. Rd2 Rfc8 22. Red1 Nf8 23. a3 Qh5 24. Qxh5 Nxh5 25. Be4 Rab8 26. b3 Nf6 27. Bf3 h6 28. Nb5 a6 29. Na7 Rc7 30. Nc6 Rbc8 31. Rd6 g5 32. fxg5 hxg5 33. Ne5 Rb8 34. Nc6 Rbc8 35. Nb4 N8d7 36. Nxa6 Ra7 37. Nb4 Rxa3 38. Rxd7 Nxd7 39. Rxd7 Rxb3 40. Nc6 Kg7 41. Nd4 Rb1+ 42. Kg2 Rxc4 43. Nxe6+ Kg6 44. Be2 1-0

[Event "Wch Seniors 50 29th"]
[Site "Bucharest"]
[Date "2019.11.14"]
[Round "3"]
[White "Baimurzin, Aitkazy"]
[Black "Matthews, Shane"]
[Result "0-1"]
[WhiteElo "1995"]
[BlackElo "2196"]
[PlyCount "62"]
[EventDate "2019.11.12"]
[EventType "swiss"]
[EventRounds "11"]
[EventCountry "ROU"]
[SourceTitle "CBM 193 Extra"]
[Source "ChessBase"]
[SourceDate "2020.01.31"]
[SourceVersion "1"]
[SourceVersionDate "2020.01.31"]
[SourceQuality "1"]

1. Nf3 c5 2. g3 g6 3. Bg2 Bg7 4. 0-0 Nc6 5. e4 d6 6. c3 Nf6 7. Re1 0-0 8. d4 h6 9. Nbd2 Qc7 10. d5 Ne5 11. Nxe5 dxe5 12. a4 Ne8 13. c4 Rb8 14. Qc2 b6 15. Ra3 a6 16. a5 b5 17. cxb5 Rxb5 18. Nb3 c4 19. Nd2 Nd6 20. Bf1 Rc5 21. Ree3 f5 22. f3 e6 23. Rac3 fxe4 24. fxe4 exd5 25. exd5 Bf5 26. Qa4 Bd3 27. Bh3 e4 28. Be6+ Kh7 29. Qa3 Bd4 30. Nb3 cxb3 31. Bd2 Rf3 0-1

[Event "Wch Seniors 50 29th"]
[Site "Bucharest"]
[Date "2019.11.13"]
[Round "2"]
[White "Matthews, Shane"]
[Black "Marin, Mihail"]
[Result "0-1"]
[WhiteElo "2196"]
[BlackElo "2521"]
[PlyCount "74"]
[EventDate "2019.11.12"]
[EventType "swiss"]
[EventRounds "11"]
[EventCountry "ROU"]
[SourceTitle "CBM 193 Extra"]
[Source "ChessBase"]
[SourceDate "2020.01.31"]
[SourceVersion "1"]
[SourceVersionDate "2020.01.31"]
[SourceQuality "1"]

1. e4 e6 2. d4 d5 3. Nc3 Bb4 4. e5 b6 5. Qg4 Bf8 6. Bb5+ c6 7. Ba4 a5 8. Bb3 Ne7 9. Nf3 Ba6 10. h4 h6 11. h5 Nd7 12. Be3 Qc7 13. Rh3 0-0-0 14. Qf4 f6 15. Qg4 Nf5 16. Bf4 fxe5 17. Bxe5 Bd6 18. Bxd6 Qxd6 19. 0-0-0 b5 20. a4 b4 21. Nb1 Be2 22. Re1 Nf6 23. Qg6 Bxf3 24. gxf3 Nxd4 25. Qxg7 Qf4+ 26. Nd2 Nd7 27. Qg3 Rdf8 28. Rh4 Qxg3 29. fxg3 e5 30. f4 exf4 31. Rxf4 Rxf4 32. gxf4 Nc5 33. Re5 Rg8 34. Kd1 Kd7 35. Ke1 Ndxb3 36. Nxb3 Nxb3 37. cxb3 Re8 0-1

[Event "Wch Seniors 50 29th"]
[Site "Bucharest"]
[Date "2019.11.12"]
[Round "1"]
[White "Ciobanu, Bogdan1"]
[Black "Matthews, Shane"]
[Result "0-1"]
[WhiteElo "1857"]
[BlackElo "2196"]
[PlyCount "56"]
[EventDate "2019.11.12"]
[EventType "swiss"]
[EventRounds "11"]
[EventCountry "ROU"]
[SourceTitle "CBM 193 Extra"]
[Source "ChessBase"]
[SourceDate "2020.01.31"]
[SourceVersion "1"]
[SourceVersionDate "2020.01.31"]
[SourceQuality "1"]

1. d4 Nf6 2. c4 d6 3. Nf3 Nbd7 4. Nc3 e5 5. e4 Be7 6. Be2 0-0 7. 0-0 a6 8. Re1 Re8 9. Bf1 h6 10. d5 Nf8 11. b4 Ng6 12. g3 Bg4 13. h3 Bd7 14. Be3 Rf8 15. c5 Nh7 16. cxd6 Bxd6 17. a3 f5 18. exf5 Bxf5 19. Nd2 Nf6 20. Bg2 Qd7 21. Kh2 Nf4 22. h4 Nxg2 23. Kxg2 Qf7 24. Nf1 Ne4 25. Rc1 Nxc3 26. Rxc3 Be4+ 27. Kg1 Bxd5 28. Bc5 Bxc5 0-1

[Event "Bled Planinc Memorial 1st"]
[Site "Bled"]
[Date "2018.11.24"]
[Round "6"]
[White "Gasparic, Stojan"]
[Black "Matthews, Shane"]
[Result "0-1"]
[WhiteElo "1964"]
[BlackElo "2243"]
[PlyCount "124"]
[EventDate "2018.11.24"]
[EventType "swiss (blitz)"]
[EventRounds "9"]
[EventCountry "SLO"]
[SourceTitle "CBM 187 Extra"]
[Source "ChessBase"]
[SourceDate "2018.11.04"]
[SourceVersion "1"]
[SourceVersionDate "2018.11.04"]
[SourceQuality "1"]

1. e4 c5 2. Nf3 e6 3. g3 Nc6 4. Bg2 d5 5. exd5 exd5 6. 0-0 Nf6 7. d4 Bg4 8. Re1+ Be7 9. dxc5 0-0 10. Bg5 Bxc5 11. Bxf6 Qxf6 12. Qxd5 Qxb2 13. Nbd2 Qb6 14. Re2 Rad8 15. Qb3 Be6 16. c4 Rd7 17. Ne4 Nd4 18. Nxd4 Bxd4 19. Rae1 Qc7 20. Rc2 Rc8 21. Ng5 Bf5 22. Rce2 g6 23. Bd5 Bf6 24. Ne4 Bg7 25. Ng5 h6 26. Re8+ Rxe8 27. Rxe8+ Bf8 28. Qb4 Re7 29. Qxe7 Qxe7 30. Rxe7 Bxe7 31. Nxf7 Kg7 32. Ne5 b6 33. Kf1 a5 34. Ke2 Kf6 35. Nc6 Bc5 36. h4 Bb1 37. Na7 Bxa2 38. Nb5 Bb1 39. f4 Bc2 40. Nc3 Bf5 41. Bc6 Be6 42. Nd5+ Kf7 43. Kf3 h5 44. Ke4 Bf5+ 45. Ke5 Bf2 46. Bb5 Bxg3 47. Nxb6 Bxh4 48. c5 Bf6+ 49. Kd6 h4 50. Bf1 h3 51. c6 h2 52. Bg2 Be7+ 53. Ke5 Bd8 54. Na4 Bc7+ 55. Kd5 Be6+ 56. Kc5 Bb3 57. Nc3 Bxf4 58. Nb5 Be6 59. c7 a4 60. Bd5 Bxc7 61. Be4 Be5 62. Kb4 Bb3 0-1

[Event "Bled Planinc Memorial 1st"]
[Site "Bled"]
[Date "2018.11.24"]
[Round "1"]
[White "Matthews, Shane"]
[Black "Drevensek, Miran"]
[Result "1-0"]
[WhiteElo "2243"]
[BlackElo "1803"]
[PlyCount "67"]
[EventDate "2018.11.24"]
[EventType "swiss (blitz)"]
[EventRounds "9"]
[EventCountry "SLO"]
[SourceTitle "CBM 187 Extra"]
[Source "ChessBase"]
[SourceDate "2018.11.04"]
[SourceVersion "1"]
[SourceVersionDate "2018.11.04"]
[SourceQuality "1"]

1. e4 d6 2. d4 Nf6 3. Nc3 g6 4. Nge2 Bg7 5. f3 c6 6. Be3 Nbd7 7. Qd2 b5 8. Bh6 Bxh6 9. Qxh6 e5 10. Qg7 Rg8 11. Qh6 Qb6 12. Qd2 Qc7 13. d5 b4 14. dxc6 Qxc6 15. Nd1 Rb8 16. Ne3 Ba6 17. 0-0-0 b3 18. axb3 Rxb3 19. Qxd6 Rb6 20. Qxc6 Rxc6 21. Nc3 Ke7 22. Ned5+ Kf8 23. Nb4 Bxf1 24. Nxc6 Bxg2 25. Rhe1 Bxf3 26. Rd3 Bh5 27. Nd5 Kg7 28. Nxf6 Nxf6 29. Nxe5 Rc8 30. Nf3 Rc5 31. e5 Ng4 32. Rd7 Ra5 33. e6 Kf6 34. Rxf7# 1-0

[Event "Bled Planinc Memorial 1st"]
[Site "Bled"]
[Date "2018.11.24"]
[Round "9"]
[White "Matthews, Shane"]
[Black "Schmuki, Roman"]
[Result "1-0"]
[WhiteElo "2243"]
[BlackElo "2011"]
[PlyCount "54"]
[EventDate "2018.11.24"]
[EventType "swiss (blitz)"]
[EventRounds "9"]
[EventCountry "SLO"]
[SourceTitle "CBM 187 Extra"]
[Source "ChessBase"]
[SourceDate "2018.11.04"]
[SourceVersion "1"]
[SourceVersionDate "2018.11.04"]
[SourceQuality "1"]

1. e4 e6 2. d4 d5 3. Nc3 Nf6 4. e5 Nfd7 5. f4 c5 6. Nf3 Nc6 7. Be3 Be7 8. Qd2 0-0 9. dxc5 Nxc5 10. 0-0-0 a6 11. Qf2 b6 12. h4 Bb7 13. Rh3 Kh8 14. g4 Qc7 15. h5 Rac8 16. Kb1 f6 17. exf6 Rxf6 18. g5 Rxf4 19. Bxf4 Qxf4 20. Rh4 Qf8 21. Qe3 d4 22. Nxd4 Nxd4 23. Rhxd4 Rd8 24. Rxd8 Bxd8 25. Bh3 Bc7 26. h6 gxh6 27. gxh6 Kg8 1-0

[Event "Wch Seniors 50 28th"]
[Site "Bled"]
[Date "2018.11.20"]
[Round "3"]
[White "Kalegin, Evgenij"]
[Black "Matthews, Shane"]
[Result "1-0"]
[WhiteElo "2413"]
[BlackElo "2243"]
[PlyCount "107"]
[EventDate "2018.11.18"]
[EventType "swiss"]
[EventRounds "11"]
[EventCountry "SLO"]
[SourceTitle "CBM 187 Extra"]
[Source "ChessBase"]
[SourceDate "2018.11.04"]
[SourceVersion "1"]
[SourceVersionDate "2018.11.04"]
[SourceQuality "1"]

1. e4 c5 2. Nf3 d6 3. Bb5+ Nd7 4. c3 a6 5. Ba4 Ngf6 6. Qe2 Qc7 7. 0-0 c4 8. Bc2 e5 9. b3 b5 10. bxc4 bxc4 11. Na3 Nb6 12. d4 cxd3 13. Qxd3 Be7 14. Rb1 0-0 15. Be3 Nfd7 16. Bb3 Nc5 17. Bxc5 dxc5 18. Nc4 Nxc4 19. Bxc4 Rd8 20. Qe2 Bg4 21. h3 Bxf3 22. Qxf3 Bf6 23. Qe2 a5 24. a4 Rab8 25. Rb5 Rxb5 26. axb5 Bg5 27. Bd5 Rb8 28. Rb1 Be7 29. Qa2 Bd6 30. Qa4 Qb6 31. Qc4 Qc7 32. Ra1 Kf8 33. Qa4 Qb6 34. Qxa5 Qxb5 35. Qxb5 Rxb5 36. Ra7 Rb1+ 37. Kh2 Ke8 38. Bxf7+ Kd8 39. Bg8 Be7 40. c4 h6 41. Kg3 Rb2 42. Bf7 Rc2 43. h4 Rc3+ 44. f3 Rc2 45. h5 Rb2 46. Bd5 Rc2 47. Kg4 Rxg2+ 48. Kf5 Bf6 49. Ke6 Rb2 50. Kd6 Rb6+ 51. Kxc5 Rb3 52. Kd6 Rb6+ 53. Bc6 Rb8 54. c5 1-0

[Event "Bridgetown sub zt 2.3.5"]
[Site "Bridgetown"]
[Date "2016.05.02"]
[Round "8"]
[White "Matthews, Shane"]
[Black "Lorne, Ras Malaku"]
[Result "1/2-1/2"]
[WhiteElo "2203"]
[BlackElo "2082"]
[PlyCount "62"]
[EventDate "2016.04.28"]
[EventType "swiss"]
[EventRounds "9"]
[EventCountry "BAR"]
[SourceTitle "CBM 172 Extra"]
[Source "ChessBase"]
[SourceDate "2016.06.21"]
[SourceVersion "1"]
[SourceVersionDate "2016.06.21"]
[SourceQuality "1"]

1. d4 d5 2. c4 c6 3. Nf3 Nf6 4. Nc3 e6 5. e3 Nbd7 6. Qc2 Bd6 7. Bd3 dxc4 8. Bxc4 b5 9. Bd3 Bb7 10. 0-0 0-0 11. Rd1 Qc7 12. Bd2 a6 13. Rac1 Rac8 14. h3 c5 15. a3 cxd4 16. Nxd4 Rfd8 17. Qb1 Qb6 18. Ne4 Nxe4 19. Rxc8 Rxc8 20. Bxe4 Bxe4 21. Qxe4 Nf6 22. Qd3 h6 23. Nf3 Rd8 24. Qc2 Be7 25. Bc3 Rxd1+ 26. Qxd1 Qd8 27. Qxd8+ Bxd8 28. Kf1 Ne4 29. Be1 Bf6 30. Nd4 Bxd4 31. exd4 Kf8 1/2-1/2

[Event "Bridgetown sub zt 2.3.5"]
[Site "Bridgetown"]
[Date "2016.04.30"]
[Round "5"]
[White "Matthews, Shane"]
[Black "Husbands, Orlando"]
[Result "1/2-1/2"]
[WhiteElo "2203"]
[BlackElo "2223"]
[PlyCount "70"]
[EventDate "2016.04.28"]
[EventType "swiss"]
[EventRounds "9"]
[EventCountry "BAR"]
[SourceTitle "CBM 172 Extra"]
[Source "ChessBase"]
[SourceDate "2016.06.21"]
[SourceVersion "1"]
[SourceVersionDate "2016.06.21"]
[SourceQuality "1"]

1. e4 c5 2. Nf3 d6 3. d4 cxd4 4. Nxd4 Nf6 5. Nc3 a6 6. g3 e6 7. Bg2 Be7 8. 0-0 0-0 9. Be3 Qc7 10. Qe2 Nc6 11. Rad1 Bd7 12. f4 Rac8 13. f5 b5 14. a3 Nxd4 15. Rxd4 e5 16. Rd3 a5 17. g4 b4 18. axb4 axb4 19. g5 bxc3 20. gxf6 Bxf6 21. Rxc3 Qa5 22. Rxc8 Rxc8 23. Rc1 Bc6 24. Qd2 Qa2 25. b3 Be7 26. Qd3 Rb8 27. Qc3 Qa6 28. Ra1 Qe2 29. Qd2 Qb5 30. Ra5 Qb4 31. Qxb4 Rxb4 32. Bd2 Rd4 33. Be3 Rb4 34. Bd2 Rd4 35. Be3 Rb4 1/2-1/2

[Event "Bridgetown sub zt 2.3.5"]
[Site "Bridgetown"]
[Date "2016.04.28"]
[Round "2"]
[White "Guzman, Christopher"]
[Black "Matthews, Shane"]
[Result "1-0"]
[WhiteElo "2272"]
[BlackElo "2203"]
[PlyCount "77"]
[EventDate "2016.04.28"]
[EventType "swiss"]
[EventRounds "9"]
[EventCountry "BAR"]
[SourceTitle "CBM 172 Extra"]
[Source "ChessBase"]
[SourceDate "2016.06.21"]
[SourceVersion "1"]
[SourceVersionDate "2016.06.21"]
[SourceQuality "1"]

1. e4 c5 2. Nf3 e6 3. d4 cxd4 4. Nxd4 a6 5. Bd3 Nf6 6. Qe2 d6 7. 0-0 Be7 8. a4 b6 9. c4 Bb7 10. Nc3 0-0 11. f4 Nc6 12. Be3 Qc7 13. Rac1 Rad8 14. Rfd1 Rfe8 15. Nxc6 Qxc6 16. h3 Nd7 17. b4 Qc7 18. Qf2 Bf6 19. Bd4 Bxd4 20. Qxd4 e5 21. Qf2 exf4 22. Nd5 Qc6 23. Qxf4 Ne5 24. b5 Qc5+ 25. Kh2 a5 26. Be2 Bxd5 27. Rxd5 Qb4 28. Rcd1 h6 29. Qf2 Qxa4 30. Qxb6 Qc2 31. Rxe5 Qxe2 32. Rxd6 Rxe5 33. Rxd8+ Kh7 34. Rh8+ Kxh8 35. Qb8+ Kh7 36. Qxe5 Qxc4 37. b6 Qb4 38. Qc7 a4 39. b7 1-0

[Event "Hastings Heroes Day"]
[Site "Hastings"]
[Date "2013.04.29"]
[Round "5"]
[White "Matthews, Shane"]
[Black "Harper, Ryan"]
[Result "1-0"]
[WhiteElo "2206"]
[BlackElo "2244"]
[PlyCount "54"]
[EventDate "2013.04.27"]
[EventType "tourn"]
[EventRounds "10"]
[EventCountry "BAR"]
[EventCategory "2"]
[SourceTitle "EXT 2014"]
[Source "ChessBase"]
[SourceDate "2013.11.20"]
[SourceVersion "1"]
[SourceVersionDate "2013.11.20"]
[SourceQuality "1"]

1. e4 e5 2. Nf3 Nc6 3. Bb5 a6 4. Ba4 b5 5. Bb3 Nf6 6. d4 Nxe4 7. dxe5 Nc5 8. Bd5 Ne6 9. 0-0 Be7 10. Nc3 Bb7 11. a4 b4 12. Ne4 0-0 13. Be3 d6 14. exd6 cxd6 15. Qd3 Qa5 16. Rad1 Rad8 17. Nfg5 Nxg5 18. Nxg5 g6 19. Qe4 Bxg5 20. Bxg5 Rde8 21. Qf4 Re5 22. Bf6 Rf5 23. Qxd6 Qxa4 24. Be4 Rh5 25. g4 Rh4 26. Bg2 Rh6 27. Bg5 Qb5 1-0

[Event "Hastings Heroes Day"]
[Site "Hastings"]
[Date "2013.04.28"]
[Round "4"]
[White "Farley, Terry"]
[Black "Matthews, Shane"]
[Result "0-1"]
[WhiteElo "2251"]
[BlackElo "2206"]
[PlyCount "78"]
[EventDate "2013.04.27"]
[EventType "tourn"]
[EventRounds "10"]
[EventCountry "BAR"]
[EventCategory "2"]
[SourceTitle "EXT 2014"]
[Source "ChessBase"]
[SourceDate "2013.11.20"]
[SourceVersion "1"]
[SourceVersionDate "2013.11.20"]
[SourceQuality "1"]

1. c4 e5 2. Nc3 Nc6 3. g3 g6 4. Bg2 Bg7 5. Nf3 d6 6. d3 Nge7 7. 0-0 0-0 8. Rb1 a5 9. a3 f5 10. Bd2 h6 11. b4 axb4 12. axb4 Kh7 13. Ne1 g5 14. e3 Qe8 15. b5 Nd8 16. Nc2 Ne6 17. Nb4 Rb8 18. Ncd5 Ng6 19. Ra1 Qf7 20. Ra7 f4 21. b6 f3 22. Bxf3 Qxf3 23. Qxf3 Rxf3 24. bxc7 Nxc7 25. Nxc7 Bh3 26. Re1 e4 27. d4 Rbf8 28. Re2 R3f7 29. Nbd5 Bg4 30. Re1 Rxf2 31. Bb4 Bh3 32. Nf4 Nxf4 33. gxf4 Rg2+ 34. Kh1 Rf7 35. Bxd6 gxf4 36. Bxf4 Rb2 37. Nb5 Rc2 38. Nd6 Rxf4 39. exf4 Bg2+ 0-1

[Event "Olympiad-39"]
[Site "Khanty-Mansiysk"]
[Date "2010.09.28"]
[Round "7.4"]
[White "Matthews, Shane"]
[Black "Mikheev, Stanislav Valerievi"]
[Result "1/2-1/2"]
[WhiteElo "2227"]
[BlackElo "2337"]
[PlyCount "102"]
[EventDate "2010.09.21"]
[EventType "team-swiss"]
[EventRounds "11"]
[EventCountry "RUS"]
[SourceTitle "CBM 139"]
[Source "ChessBase"]
[SourceDate "2010.11.18"]
[SourceVersion "1"]
[SourceVersionDate "2010.11.18"]
[SourceQuality "1"]
[WhiteTeam "Jamaica"]
[BlackTeam "IPCA"]
[WhiteTeamCountry "JAM"]

1. e4 e5 2. Nf3 Nf6 3. Nxe5 d6 4. Nf3 Nxe4 5. d4 d5 6. Bd3 Nc6 7. 0-0 Be7 8. c4 Nb4 9. Be2 0-0 10. Nc3 Bf5 11. a3 Nxc3 12. bxc3 Nc6 13. cxd5 Qxd5 14. Bf4 Rac8 15. Nd2 Bd6 16. Bf3 Qb5 17. Be3 Qb2 18. Qb3 Qxb3 19. Nxb3 Rfe8 20. Nd2 h6 21. g4 Bd3 22. Rfd1 Na5 23. Ra2 f5 24. gxf5 Bxf5 25. Rb2 b6 26. a4 c5 27. Kh1 cxd4 28. cxd4 Kh7 29. Rg1 Rc3 30. Rb5 Bg6 31. Rd5 Re6 32. Ne4 Bxe4 33. Bxe4+ Rxe4 34. Rxd6 Re7 35. Bd2 Rc6 36. Bxa5 Rxd6 37. Bb4 Red7 38. Bxd6 Rxd6 39. Rd1 Kg6 40. Kg2 Kf5 41. Kf3 Rd5 42. Rd3 Ke6 43. Ke4 Kd6 44. f4 Rh5 45. Rg3 g5 46. Rg4 Rxh2 47. fxg5 hxg5 48. Rxg5 Re2+ 49. Kd3 Ra2 50. a5 bxa5 51. Kc4 Ra4+ 1/2-1/2

[Event "Olympiad-39"]
[Site "Khanty-Mansiysk"]
[Date "2010.09.22"]
[Round "2.4"]
[White "Ribbegren, Karl Johan"]
[Black "Matthews, Shane"]
[Result "0-1"]
[WhiteElo "2153"]
[BlackElo "2227"]
[PlyCount "68"]
[EventDate "2010.09.21"]
[EventType "team-swiss"]
[EventRounds "11"]
[EventCountry "RUS"]
[SourceTitle "CBM 139"]
[Source "ChessBase"]
[SourceDate "2010.11.18"]
[SourceVersion "1"]
[SourceVersionDate "2010.11.18"]
[SourceQuality "1"]
[WhiteTeam "Monaco"]
[BlackTeam "Jamaica"]
[WhiteTeamCountry "MNC"]
[BlackTeamCountry "JAM"]

1. Nf3 Nf6 2. g3 c5 3. Bg2 e6 4. 0-0 Be7 5. d3 d6 6. c4 0-0 7. Nc3 a6 8. a3 b6 9. Rb1 Ra7 10. b4 Nbd7 11. d4 cxb4 12. axb4 Rc7 13. Qd3 Bb7 14. Bf4 Qa8 15. Ra1 e5 16. Nb5 Rcc8 17. Nxd6 Bxd6 18. dxe5 Bxe5 19. Nxe5 Nxe5 20. Bxe5 Bxg2 21. Rfc1 Be4 22. Qd4 Bg6 23. Bxf6 gxf6 24. b5 a5 25. Qxb6 Qe4 26. c5 Qxe2 27. Qxa5 Be4 28. Ra3 Rxc5 29. Re1 Qg4 30. Qb4 Re5 31. Ra4 Rfe8 32. Qa3 Qe6 33. Ra6 Qh3 34. f3 Bxf3 0-1

[Event "Caribbean sub zt 2.3.5"]
[Site "Nassau"]
[Date "2010.06.30"]
[Round "7"]
[White "Del Castilho, Martyn Simon"]
[Black "Matthews, Shane"]
[Result "1-0"]
[WhiteElo "2199"]
[BlackElo "2203"]
[PlyCount "67"]
[EventDate "2010.06.26"]
[EventType "swiss"]
[EventRounds "9"]
[EventCountry "BAH"]
[SourceTitle "EXT 2019"]
[Source "ChessBase"]
[SourceDate "2018.10.10"]
[SourceVersion "1"]
[SourceVersionDate "2018.10.10"]
[SourceQuality "1"]

1. e4 c5 2. Nf3 Nc6 3. d4 cxd4 4. Nxd4 Qb6 5. Nb3 Nf6 6. Nc3 e6 7. a3 a6 8. Bf4 e5 9. Bg5 Be7 10. Qd2 0-0 11. 0-0-0 Qa7 12. g4 b5 13. Bxf6 Bxf6 14. g5 Bd8 15. Nd5 f5 16. exf5 Rxf5 17. f4 exf4 18. h4 Ne7 19. Nxf4 Bc7 20. Nh5 Bb7 21. Rh3 Raf8 22. Bd3 R5f7 23. Re1 Ng6 24. Kb1 Qf2 25. Qc3 Bg2 26. Rhe3 Bb6 27. Re8 Qxh4 28. Bxg6 Qxe1+ 29. Rxe1 hxg6 30. Qd3 gxh5 31. g6 Rf1 32. Rxf1 Rxf1+ 33. Ka2 Rf6 34. Qg3 1-0

[Event "Caribbean sub zt 2.3.5"]
[Site "Nassau"]
[Date "2010.06.26"]
[Round "2"]
[White "Corbin, Philip"]
[Black "Matthews, Shane"]
[Result "1-0"]
[WhiteElo "2164"]
[BlackElo "2203"]
[PlyCount "53"]
[EventDate "2010.06.26"]
[EventType "swiss"]
[EventRounds "9"]
[EventCountry "BAH"]
[SourceTitle "EXT 2019"]
[Source "ChessBase"]
[SourceDate "2018.10.10"]
[SourceVersion "1"]
[SourceVersionDate "2018.10.10"]
[SourceQuality "1"]

1. e4 c5 2. c3 Nf6 3. e5 Nd5 4. d4 cxd4 5. Bc4 Qc7 6. Qe2 Nb6 7. Bd3 Nc6 8. Nf3 e6 9. 0-0 d6 10. cxd4 dxe5 11. dxe5 Be7 12. Nc3 a6 13. a3 h6 14. Bd2 g5 15. h3 h5 16. Nxg5 Qxe5 17. Nce4 Nd5 18. f4 Qxb2 19. Rab1 Qxa3 20. Bc4 b5 21. Bxd5 exd5 22. Nf6+ Kf8 23. Ngh7+ Kg7 24. Rf3 Nd4 25. Qe5 Nxf3+ 26. gxf3 Rxh7 27. Qg5+ 1-0